| 000 | 00469nam a22001937a 4500 | ||
|---|---|---|---|
| 003 | MPLRDC | ||
| 005 | 20220104114025.0 | ||
| 008 | 210129b ||||| |||| 00| 0 eng d | ||
| 020 | _a957-639-043-5 | ||
| 082 | _a830.8 EYCS v.301 | ||
| 100 | _a衣若芬 | ||
| 245 |
_a衣若芬极短篇 _c |
||
| 250 | _a初版 | ||
| 260 |
_a _b尔雅出版社 _c1991 |
||
| 300 | _b平 | ||
| 490 | _a尔雅丛书. 301 | ||
| 650 | _a中国文学总集 | ||
| 942 |
_cBK _o830.8 EYCS v.301 |
||
| 999 |
_c4210 _d4200 |
||